NCERT Notes Indian & World Geography Class 6-12(old+new) (Record no. 67035)
[ view plain ]
| 000 -LEADER | |
|---|---|
| fixed length control field | 00409nam a22001577a 4500 |
| 003 - CONTROL NUMBER IDENTIFIER | |
| control field | Macl |
| 005 - DATE AND TIME OF LATEST TRANSACTION | |
| control field | 20241018141426.0 |
| 008 - FIXED-LENGTH DATA ELEMENTS--GENERAL INFORMATION | |
| fixed length control field | 241018b |||||||| |||| 00| 0 eng d |
| 040 ## - CATALOGING SOURCE | |
| Transcribing agency | Macl |
| 082 ## - DEWEY DECIMAL CLASSIFICATION NUMBER | |
| Classification number | 910 |
| 100 ## - MAIN ENTRY--PERSONAL NAME | |
| Personal name | Tripati,Vipul Kumar |
| 9 (RLIN) | 82508 |
| 245 ## - TITLE STATEMENT | |
| Title | NCERT Notes Indian & World Geography Class 6-12(old+new) |
| 260 ## - PUBLICATION, DISTRIBUTION, ETC. (IMPRINT) | |
| Place of publication, distribution, etc. | New Delhi |
| Name of publisher, distributor, etc. | Arihant |
| Date of publication, distribution, etc. | 2024 |
| 650 ## - SUBJECT ADDED ENTRY--TOPICAL TERM | |
| Topical term or geographic name as entry element | Geography |
| 942 ## - ADDED ENTRY ELEMENTS (KOHA) | |
| Source of classification or shelving scheme | |
| Koha item type | Competitive Books |
| Withdrawn status | Lost status | Source of classification or shelving scheme | Damaged status | Not for loan | Home library | Current library | Date acquired | Cost, normal purchase price | Total Checkouts | Full call number | Barcode | Date last seen | Date last checked out | Price effective from | Koha item type |
|---|---|---|---|---|---|---|---|---|---|---|---|---|---|---|---|
| MACL | MACL | 18/10/2024 | 365.00 | 3 | 910 | DPI002245 | 09/04/2026 | 22/03/2026 | 18/10/2024 | Competitive Books |









